000 00752nam a22002297a 4500
001 48179
003 BD-RjUL
005 20211209054456.0
008 160813s1996 bg ||||| |||| 00| 0 ben d
020 _c: TK. 35.00
035 _a(BD-RjUL)48298
040 _aBD-RjUL
_beng
_cBD-RjUL
_dBD-RjUL
041 _aeng
082 _223
_a891.441
_bMOB 1996
100 _aমজুমদার, শিবলী
_9145961
245 _aবাসনা /
_cশিবলী মজুমদার
260 _aচট্রগ্রাম :
_bনন্দন প্রকাশন,
_c১৯৯৬,
300 _a৪৮ পৃ. ;
_c২৪ সেমি.
650 _aবাংলা কবিতা
_9145962
650 _aBengali Poetry
_9145963
942 _2ddc
_cBK
999 _c48179
_d48179